| 000 | 00529nam a22001937a 4500 | ||
|---|---|---|---|
| 003 | OSt | ||
| 005 | 20150610195144.0 | ||
| 008 | 150610b xxu||||| |||| 00| 0 eng d | ||
| 020 | _a8122414621 | ||
| 040 | _cDDC | ||
| 082 |
_222nd ed. _a546 CHA 2003 |
||
| 100 |
_aChakrabarty, D.K. _95233 |
||
| 245 | _aInorganic chemistry | ||
| 260 |
_aDelhi; _bNew Age international _c2003 |
||
| 300 |
_axii,383p _bill: _c24cm |
||
| 504 | _aBibliography, appendices, & index included | ||
| 650 |
_aInorganic chemistry _9799 |
||
| 942 |
_2z _cO_SHELF |
||
| 999 |
_c2007 _d2007 |
||